000 00306nam a2200121Ia 4500
008 240112s1960-61 xx 000 0 und d
041 _aeng
082 _a616.3403
100 _aGORDEN G.
245 _aTHE YEAR BOOK OF ENDOCRINOLOGY (Y/B SERIES)
260 _bTHE Y/B PUB
_c1960-61
300 _a408,HB
999 _c1142446
_d1142446